000 00408nam a2200181Ia 4500
001 2103
005 20260306143817.0
008 260306t2007||||xx |||||||||||||| ||spa||
041 _aESP
082 _a612.8
_bP687
100 _aPurves, Dale,
_eAUT
245 0 _aNeurociencia
260 _c2007
300 _avarias paginaciones :
_c28 cm.
650 _aGEN
654 _aCPS
942 _cLIB
_dJUS
_fJUS
_2ddc
_n
999 _c2103
_d2103